100 biggest cities in Slovakia - Statistics

General Stats
  • This quiz has been taken 282 times
  • The average score is 45 of 100
Answer Stats
Population Region City/Town % Correct
1. 476 922 BA Bratislava
99%
2. 226 212 KE Košice
99%
8. 54 107 TN Trenčín
94%
6. 74 590 BB Banská Bystrica
93%
7. 62 806 TT Trnava
93%
3. 82 927 PO Prešov
92%
4. 81 219 ZA Žilina
92%
5. 76 951 NR Nitra
90%
10. 49 091 PO Poprad
88%
9. 51 139 ZA Martin
78%
21. 30 162 ZA Liptovský Mikuláš
73%
12. 39 844 BB Zvolen
70%
19. 30 450 PO Humenné
68%
17. 32 287 NR Komárno
68%
15. 35 874 KE Michalovce
67%
23. 26 794 ZA Ružomberok
67%
27. 22 892 TT Dunajská Streda
65%
14. 36 781 NR Nové Zámky
64%
16. 34 855 KE Spišská Nová Ves
62%
20. 30 267 PO Bardejov
61%
18. 31 081 NR Levice
60%
11. 43 645 TN Prievidza
58%
13. 37 706 TN Považská Bystrica
57%
39. 19 355 TN Nové Mesto nad Váhom
56%
22. 27 057 TT Piešťany
56%
25. 24 617 BA Pezinok
55%
72. 9 426 BB Banská Štiavnica
54%
31. 21 527 BB Rimavská Sobota
54%
35. 20 115 BA Senec
53%
46. 16 614 TN Bánovce nad Bebravou
52%
50. 15 304 PO Kežmarok
52%
40. 18 805 BA Malacky
52%
29. 22 730 ZA Čadca
51%
34. 20 552 NR Šaľa
51%
26. 24 415 NR Topoľčany
51%
37. 19 866 BB Brezno
49%
54. 14 015 PO Levoča
49%
24. 25 364 BB Lučenec
49%
42. 17 720 ZA Dolný Kubín
48%
63. 10 705 TN Myjava
48%
43. 17 122 KE Rožňava
48%
52. 15 277 TT Galanta
47%
68. 9 909 PO Svidník
47%
38. 19 430 TT Senica
46%
51. 15 290 TT Sereď
46%
41. 18 208 PO Snina
46%
45. 17 032 BB Žiar nad Hronom
46%
59. 11 820 NR Zlaté Moravce
46%
36. 19 992 TT Hlohovec
45%
53. 14 321 ZA Kysucké Nové Mesto
44%
44. 17 068 TN Púchov
44%
49. 15 471 TT Skalica
44%
30. 22 023 TN Dubnica nad Váhom
43%
32. 20 871 TN Partizánske
43%
71. 9 440 NR Štúrovo
43%
55. 13 704 BB Detva
42%
83. 7 539 ZA Námestovo
42%
48. 15 707 PO Stará Ľubovňa
42%
28. 22 890 KE Trebišov
42%
60. 11 448 ZA Bytča
40%
61. 11 109 BB Revúca
40%
58. 12 206 PO Sabinov
40%
33. 20 702 PO Vranov nad Topľou
39%
47. 15 780 TN Handlová
38%
75. 8 812 ZA Tvrdošín
34%
70. 9 770 BB Fiľakovo
33%
64. 10 647 BB Veľký Krtíš
32%
86. 7 424 ZA Vrútky
32%
69. 9 883 PO Stropkov
31%
56. 13 566 TT Šamorín
30%
57. 12 685 BA Stupava
30%
62. 11 024 TT Holíč
29%
74. 9 273 BA Modra
27%
93. 6 904 BB Nová Baňa
27%
92. 7 019 ZA Trstená
27%
81. 8 301 TT Veľký Meder
27%
87. 7 314 NR Hurbanovo
26%
84. 7 520 BB Krupina
26%
66. 10 470 NR Kolárovo
25%
88. 7 069 NR Šahy
24%
80. 8 432 NR Vráble
23%
67. 10 266 KE Moldava nad Bodvou
21%
73. 9 326 NR Šurany
21%
65. 10 470 TN Nová Dubnica
20%
79. 8 486 TN Stará Turá
20%
91. 7 038 ZA Liptovský Hrádok
18%
82. 7 714 PO Svit
18%
97. 6 645 NR Želiezovce
16%
76. 8 646 KE Krompachy
15%
94. 6 791 BB Tornaľa
15%
77. 8 575 KE Veľké Kapušany
15%
95. 6 759 PO Veľký Šariš
15%
98. 6 616 BB Hnúšta
14%
85. 7 431 KE Kráľovský Chlmec
14%
100. 6 449 PO Lipany
14%
89. 7 068 BB Hriňová
13%
78. 8 524 KE Sečovce
13%
99. 6 563 ZA Krásno nad Kysucou
12%
96. 6 668 PO Spišská Belá
11%
90. 7 043 ZA Turzovka
11%
No matching quizzes found
Score Distribution
Percent of People with Each Score
Percentile by Number Answered
Your Score History
You have not taken this quiz